[Event "30 min / Partie"]
[Site "?"]
[Date "2025.12.18"]
[Round "13"]
[White "King Element 300 mhz, Millenium"]
[Black "Phoenix London 1400 Mhz, Mephisto"]
[Result "0-1"]
[Annotator "mpill"]
[WhiteElo "2599"]
[BlackElo "2500"]
[WhiteFideId "-1"]
[BlackFideId "-1"]
[PlyCount "122"]
[GameId "2256492142534883"]

{[%evp 15,121,-12,-10,-19,-17,-72,-67,-85,-99,-122,-115,-130,-117,-154,-114,-121,-125,-116,-128,-214,-197,-258,-239,-270,-271,-287,-277,-324,-319,-286,-295,-290,-249,-258,-253,-250,-260,-292,-281,-308,-328,-251,-291,-379,-301,-334,-279,-309,-299,-403,-394,-386,-412,-402,-407,-420,-385,-409,-388,-544,-591,-547,-536,-535,-608,-541,-574,-502,-595,-625,-627,-635,-641,-663,-642,-772,-671,-675,-688,-718,-715,-799,-809,-779,-886,-29984,-29985,-29985,-29986,-29986,-29987,-29991,-29992,-29992,-29993,-29993,-29994,-29994,-29995,-29995,-29996,-29996,-29997,-29997,-29998,-29998,-29999,-29999]} 1. Nf3 Nf6 2. d4 e6 3. c4 b6 4. Nc3 Bb7 5. a3 d5 6. Bg5 Be7 {Buchende} 7. Qa4+ Bc6 8. Qc2 {Buchende} dxc4 9. e3 b5 10. Be2 (10. Bxf6 $11 Bxf6 11. a4) 10... Nbd7 11. O-O {Schwarz steht etwas besser.} O-O 12. e4 a6 13. Rfd1 Bb7 14. Bf4 ({Besser ist} 14. a4) 14... c5 (14... h6 $142 15. d5 exd5) 15. d5 $17 exd5 16. exd5 {Schwarz muss nun d6 beachten.} Re8 17. Ng5 (17. a4 $17) 17... Bf8 $19 18. Bh5 (18. Bg3 $142) 18... g6 $1 19. Bf3 Ne5 20. Bxe5 Rxe5 21. d6 Bxf3 {[%mdl 64] [#] Ablenkung} 22. Nxf3 Re6 23. a4 Rb8 {Weiss muss nun ...b4 beachten.} 24. axb5 axb5 25. d7 Nxd7 {[%cal Bf6d7,Bd7e5,Be5d3][%mdl 32]} 26. Ra7 Rd6 27. Rxd6 Bxd6 28. g3 Ne5 29. Qd1 Nd3 {[%cal Od8b6]} 30. Nd5 {[%cal Oa7d7]} Be5 {[%csl Od5][%mdl 64] [#] Abzugsangriff} 31. Ne7+ Kg7 32. Nc6 Qf6 33. Ncxe5 Nxe5 34. Nxe5 Qxe5 {[%mdl 4096] Endspiel KDT-KDT. Schwarz hat zwei Bauern mehr.} 35. Qd7 Qf5 36. Qxf5 gxf5 {KT-KT. Schwarz hat zwei Bauern mehr.} 37. Rc7 (37. Kf1 $142) 37... b4 38. Kf1 c3 39. b3 Ra8 40. Rxc5 Ra3 41. Ke2 Rxb3 42. Rc4 Rb2+ 43. Kd3 Kf6 44. f3 Ke6 {[%cal Oe6d5]} 45. h4 Rd2+ 46. Ke3 Kd5 47. Rc7 Rg2 48. Kd3 Rxg3 49. Kc2 Rg2+ 50. Kc1 Kd4 {Schwarz setzt Matt.} 51. Rb7 Kc4 52. Rc7+ Kb3 {[%cal Rg2g1]} 53. Kd1 Kb2 54. Ke1 c2 55. Kf1 Rd2 56. Ke1 c1=Q+ 57. Rxc1 Kxc1 58. h5 b3 59. h6 b2 60. f4 b1=Q {[%cal Rc1c2]} 61. Kf1 Kc2# {Gewichteter Fehlerwert: Weiß=0.22 (präzise) /Schwarz=0.08 (makellos)   Fehler:       	Weiß=5     	Schwarz=1     Ungenau:       	Weiß=1     	---        OK:         	Weiß=12    	Schwarz=18    Bester:       	Weiß=1     	Schwarz=1     Stark:        	---       	Schwarz=1} 0-1

[Event "30 min / Partie"]
[Site "?"]
[Date "2025.12.19"]
[Round "14"]
[White "Phoenix London 1400 Mhz, Mephisto"]
[Black "King Element 300 mhz, Millenium"]
[Result "1-0"]
[Annotator "mpill"]
[WhiteElo "2500"]
[BlackElo "2599"]
[WhiteFideId "-1"]
[BlackFideId "-1"]
[PlyCount "165"]
[GameId "2256808842220015"]

{[%evp 9,164,59,94,84,76,32,110,69,348,158,146,156,159,151,159,87,73,79,131,11,15,-49,-66,-61,-42,-40,-38,-56,-39,-73,-13,-32,8,-55,1,-68,101,-10,11,-73,0,0,0,0,0,0,0,0,47,39,39,39,55,0,85,43,42,55,110,129,174,167,179,183,175,185,310,181,181,129,136,128,119,112,151,131,148,128,225,218,260,233,245,260,243,247,254,239,292,264,303,317,341,325,412,393,410,401,479,475,639,618,766,756,740,717,736,729,753,699,824,821,821,811,829,824,697,800,1012,990,19967,19968,19977,19976,19992,19980,29979,29982,29981,29983,29983,29983,29986,29987,29988,29989,29990,29991,29991,29991,29991,29992,29992,29993,29993,29994,29995,29996,29996,29997,29997,29997,29997,29998,29998,29999,29999]} 1. e4 e5 2. Nf3 d6 3. d4 exd4 4. Nxd4 {Buchende} Nf6 5. Nc3 g6 {Buchende} 6. Bf4 Bg7 7. Bc4 (7. Qd2 $16) 7... c6 (7... O-O $14) 8. O-O (8. Nf3 $16) 8... b5 $2 {[%mdl 8192] [#]} (8... O-O $14) 9. Ncxb5 cxb5 $16 10. Nxb5 O-O 11. Bxd6 Bg4 12. Qd3 {Weiß steht deutlich aktiver. Die schwarzen Türme stehen passiv. Eine scharfe Eröffnung} (12. f3 $142 Qb6+ 13. Kh1) 12... Nc6 13. h3 $1 Bd7 (13... a6 $142 14. hxg4 axb5 15. Bxb5 Qb6) 14. Bxf8 (14. Rad1 $1 $16) 14... Qxf8 $11 15. Nc3 (15. Qe3 $11) 15... Ne5 $36 {[%mdl 2048] Schwarz hat Druck.} 16. Qe2 Nxc4 17. Qxc4 Be6 18. Qd3 Qc5 {[%mdl 1024] Schwarz hat Kompensation.} 19. Rfd1 Nd7 (19... Rc8 $17) 20. Rab1 Rb8 (20... Nb6 $15 {ist eher angebracht.}) 21. Na4 (21. Nd5 $11) 21... Qc6 (21... Qg5 $15) 22. b3 (22. Nc3 $1 $11) 22... f5 $2 (22... Re8 $15 {behält die Oberhand.}) 23. f3 (23. exf5 $16 Bxf5 24. Qe3) 23... Re8 24. c4 {[#]} (24. exf5 $11 Ne5 {[%mdl 64] Ablenkung} (24... Bxf5 25. Qd5+ Qxd5 26. Rxd5 $17) 25. Qf1 Bxf5 (25... gxf5 26. c4 $14) 26. Rd2) 24... fxe4 ({Besser ist} 24... Be5 $1 $17 {Zielt auf ...Sc5 ab.} 25. Re1 Nf6) 25. Qxe4 $11 Qc7 26. Qe3 Be5 27. Kh1 Bf4 28. Qd4 Bf5 (28... Be5 $11 29. Qe3 Nf6) 29. Re1 $1 $14 Be5 30. Qd5+ Be6 {Das Läuferpaar ist gut.} 31. Qd2 (31. Qb5 $1 $14) 31... Bf4 (31... Nf6 $11 {bleibt in der Remisbreite.}) 32. Qd3 (32. Qb2 $16) 32... Ne5 33. Qd4 Nc6 (33... Bg3 $14) 34. Qg1 $16 Bg3 (34... Be5 $16 {ist eine bessere Verteidigung.}) 35. Re2 $18 Re7 36. Rd1 Be5 37. Qc5 Kg7 (37... Kf7 $142 38. Re4 Bf5) 38. Re3 (38. b4 $142 {Droht stark b5.} Bg3 39. Nc3) 38... Bg3 39. Re4 (39. Nc3 $18) 39... Rd7 $16 40. Nc3 Rxd1+ 41. Nxd1 Bd6 (41... Qd7 $142 42. Nc3 Bb8) 42. Qf2 (42. Rxe6 $2 {verliert.} Bxc5 43. Nc3 Qd7 $19) 42... Bf5 {[#]} 43. Re2 Bd3 (43... Bb4 $16) 44. Rd2 $18 Bg3 45. Qc5 Bd6 46. Qg1 Bf5 47. Ne3 Be6 48. Ng4 Bxg4 49. fxg4 ({Auf keinen Fall} 49. hxg4 Bb4 50. Rd1 Qe5 $18) 49... Bf4 50. Rd1 Qe7 51. Qe1 Be5 52. Qe4 Qc7 53. Qd5 h6 {[#]} 54. b4 $1 Kf6 (54... a6 55. b5) 55. b5 Ne7 56. Rf1+ Kg5 57. Qd3 Kh4 58. Qe4 {[%cal Og4g5]} g5 59. Rd1 Ng8 60. Qe1+ Bg3 61. Qe8 Nf6 {Verhindert Dh5+.} 62. Qg6 h5 63. Qxf6 Qxc4 64. gxh5 {[%mdl 4096] Endspiel KDT-KDL} Qe2 65. Qf1 Qxf1+ 66. Rxf1 {Beabsichtigt Tf3 und Matt.} Kxh5 {KT-KL} 67. Rf7 g4 68. hxg4+ {Weiß setzt Matt.} Kg5 69. Rxa7 Bf2 70. Ra8 Kxg4 71. a4 Kf4 72. Rf8+ Ke5 73. Rxf2 {KT-K} Kd5 74. Rc2 Ke4 75. b6 Kd3 76. Rc8 Kd4 77. b7 Kd5 78. b8=Q Ke6 79. Rc5 Kd7 80. Qb7+ Ke6 81. Qb6+ Ke7 82. Rc7+ Kf8 83. Qb8# {Gewichteter Fehlerwert: Weiß=0.25 (präzise) /Schwarz=0.42  Verlustzug:     	---       	Schwarz=1     Gewinn verpasst:   	Weiß=1     	---        Fehler:       	Weiß=13    	Schwarz=14    Ungenau:       	Weiß=1     	Schwarz=1     OK:         	Weiß=22    	Schwarz=11    Bester:       	Weiß=1     	Schwarz=4     Stark:        	Weiß=2     	---} 1-0

[Event "30 min / Partie"]
[Site "?"]
[Date "2025.12.20"]
[Round "15"]
[White "King Element 300 mhz, Millenium"]
[Black "Phoenix London 1400 Mhz, Mephisto"]
[Result "1/2-1/2"]
[Annotator "mpill"]
[WhiteElo "2599"]
[BlackElo "2500"]
[WhiteFideId "-1"]
[BlackFideId "-1"]
[PlyCount "113"]
[GameId "2257138280235040"]

{[%evp 13,113,9,95,96,102,99,96,83,81,47,54,60,45,36,57,47,102,113,105,34,136,136,136,116,104,110,109,100,132,0,0,0,0,-6,49,26,18,16,34,34,45,32,113,0,0,2,41,41,32,0,0,0,0,0,0,0,10,10,129,127,122,115,130,139,100,0,0,0,4,2,5,5,7,0,7,5,4,0,0,0,0,0,0,0,0,0,0,0,0,0,0,0,0,0,0,0,0,0,0,0,0,0]} 1. Nf3 d5 2. c4 c6 3. e3 Bf5 {Buchende} 4. Qb3 {Buchende} Qc7 5. d4 Nf6 6. Nc3 {wieder im Buch} e6 7. Nh4 Bg4 (7... Be4 $11) 8. h3 $16 Bh5 9. g4 Bg6 10. Nxg6 {Weiß steht besser.} hxg6 11. Bg2 Nbd7 12. Bd2 {[%cal Rc4d5]} Nb6 13. cxd5 {Buchende} exd5 14. g5 Nfd7 (14... Nh5 $14) 15. Rc1 {[%cal Rc3d5]} Qd8 16. e4 (16. h4 $16) 16... Be7 (16... Nc4 $1 $14) 17. h4 (17. exd5 Bxg5 18. Bxg5 (18. dxc6 bxc6 19. Bxg5 Qxg5 $14) 18... Qxg5 $16) 17... dxe4 18. Nxe4 (18. Bxe4 a5 $14) 18... a5 {[%cal Ba7a5,Ba5a4][%mdl 32]} 19. O-O {Weiß steht deutlich aktiver.} a4 20. Qg3 O-O 21. Nd6 (21. Qh3 $16) 21... Bxd6 $11 22. Qxd6 Re8 23. Bf4 Qe7 {Verhindert Tfe1. Schwarz hat schwache schwarze Felder} (23... Re6 $11 24. Qb4 Qf8) 24. Qxe7 Rxe7 25. Rfe1 Rae8 26. Rxe7 Rxe7 27. Kf1 {Gegen Te2 gerichtet.} Nf8 ({Besser ist} 27... Re8 $14) 28. Bd6 (28. d5 $1 $16 {[%cal Rd5c6]} cxd5 (28... Nxd5 29. Bxd5 cxd5 30. Rc8 $16) 29. Rc7 Rxc7 30. Bxc7) 28... Re8 29. Bc5 Nfd7 (29... Nd5 $11) 30. Bb4 $14 Nf8 31. Bd6 f6 32. Bc5 {Das Läuferpaar ist gut.} Nfd7 33. Bb4 Kf7 34. f4 Rh8 35. Be1 Nf8 {[#]} (35... Ke6 $11 {bleibt in der Remisbreite.}) 36. d5 $1 $16 {[%mdl 512]} Nxd5 37. Bxd5+ cxd5 {[%mdl 4096] Endspiel KTL-KTS. Schwarz hat einen Mehrbauern.} 38. Rc7+ Ke6 {[#]} 39. Rxb7 ({Viel schlechter ist} 39. Rxg7 $6 fxg5 40. fxg5 Rh7 41. Rxh7 Nxh7 $11) (39. Rc8 $1 $16) 39... Nd7 $11 {Die Stellung ist ausgeglichen.} 40. Ra7 Rb8 41. Bc3 {Mit der Idee Ke2.} d4 $1 {[%mdl 64] Ablenkung} 42. Bxd4 Rb4 43. Be3 Rxb2 44. Rxa4 Kf5 45. Ra7 Nf8 46. Rxg7 fxg5 47. fxg5 {und Tf7+ wäre nun die Entscheidung} Rxa2 48. Rf7+ Ke4 49. Rxf8 Kxe3 {KT-KT. Weiß hat einen Mehrbauern.} 50. Rf6 Rh2 51. Rxg6 Rxh4 52. Rf6 Ke4 53. g6 Rg4 54. Ke2 Ke5 55. Rc6 Kf5 56. Rc5+ Kxg6 57. Kf3 {Gewichteter Fehlerwert: Weiß=0.13 (sehr präzise) /Schwarz=0.20 (präzise)   Fehler:       	Weiß=4     	Schwarz=6     Ungenau:       	Weiß=2     	Schwarz=1     OK:         	Weiß=21    	Schwarz=25    Bester:       	Weiß=1     	Schwarz=3     Brilliant:      	Weiß=1     	---} 1/2-1/2

[Event "30 min / Partie"]
[Site "?"]
[Date "2025.12.23"]
[Round "16"]
[White "Phoenix London 1400 Mhz, Mephisto"]
[Black "King Element 300 mhz, Millenium"]
[Result "0-1"]
[Annotator "mpill"]
[WhiteElo "2500"]
[BlackElo "2599"]
[WhiteFideId "-1"]
[BlackFideId "-1"]
[PlyCount "214"]
[GameId "2258211494842409"]

{[%evp 13,213,78,88,86,85,29,32,33,30,-21,-17,-42,-40,-62,-71,-76,-38,-168,-159,-138,-153,-156,-124,-129,-100,-149,-145,-154,-140,-135,1,-115,-112,-117,-103,-125,-119,-106,-108,-102,-116,-95,-78,-69,-70,-70,-74,-90,-68,-81,-52,-79,-81,-85,-43,-131,-116,-155,-142,-147,-155,-156,-156,-172,-166,-179,-186,-204,-180,-208,-184,-254,-198,-182,-149,-179,-171,-246,-248,-311,-329,-316,-306,-283,-283,-268,-279,-300,-299,-325,-311,-295,-322,-317,-324,-375,-424,-444,-452,-424,-462,-546,-624,-548,-555,-591,-625,-634,-659,-622,-690,-692,-709,-699,-671,-791,-615,-791,-838,-714,-670,-830,-678,-860,-825,-764,-752,-750,-791,-837,-973,-946,-904,-853,-863,-883,-887,-909,-778,-824,-791,-784,-785,-864,-766,-740,-825,-896,-962,-3324,-1312,-1381,-5539,-1003,-19954,-19963,-1434,-19979,-19979,-19985,-19986,-19991,-29982,-29983,-29984,-29984,-29985,-29985,-29986,-29986,-29986,-29986,-19996,-29988,-29989,-29989,-29990,-29990,-29991,-29991,-29992,-29992,-29993,-29993,-29994,-29994,-29994,-29994,-29995,-29995,-29996,-29996,-29996,-29996,-29997,-29997,-29997,-29997,-29998,-29998,-29999,-29999]} 1. d4 c6 2. c4 Nf6 3. Nf3 {Buchende} d6 4. Nc3 g6 5. e4 Bg7 6. Be2 O-O 7. O-O a6 {Buchende} 8. Bf4 Nbd7 {[%cal Oe7e5]} 9. Qd2 (9. Qc2 $16) 9... e5 $11 10. dxe5 {Weiß steht etwas besser.} dxe5 11. Bg5 (11. Nxe5 $142 g5 12. Nxd7 gxf4 13. Nxf6+ Qxf6 14. Rad1) 11... Nc5 12. Qxd8 Rxd8 13. b4 Ne6 14. Rad1 Re8 (14... Rxd1 $17 15. Rxd1 Nxg5 16. Nxg5 (16. Rd8+ Bf8 $14) 16... Bd7) 15. Rd2 (15. Be3 $15) 15... Nxg5 16. Nxg5 a5 17. a3 axb4 18. axb4 Ra3 19. Rd3 (19. Rc2 $142) 19... Rb3 20. b5 Rb2 21. bxc6 {[%csl Oc4,Oc6] Weiß hat schwache Bauern} h6 (21... bxc6 $17 22. Rfd1 Bf8) 22. Nf3 (22. cxb7 $6 Bxb7 (22... hxg5 23. bxc8=N Rxc8 24. h3 $15) 23. Nf3 Nxe4 24. Nxe4 Rxe2 $17 (24... Bxe4 $2 25. Rd2 $19)) (22. c7 $1 $11) 22... bxc6 $17 {[%cal Of6e4]} 23. Rd2 Rb3 (23... Rxd2 {vereinfacht} 24. Nxd2 Bf8 25. h3 Be6) 24. Rd3 {[%cal Oc3d5]} Be6 25. Nd5 {[%csl Ob3][%mdl 64] Abzugsangriff} Rb2 26. Nxf6+ Bxf6 27. Rd2 Reb8 28. Rxb2 Rxb2 29. Bd3 Rb3 {Schwarz steht aktiver.} 30. Rd1 Rc3 31. Kf1 Bxc4 32. Ke2 Be6 33. Ra1 Rc5 {Lässt Ta5 nicht zu} (33... g5 $17 {Droht stark ...g4.} 34. h3 g4 35. hxg4 Bxg4) 34. Ra7 {Die Straße ins Nirgendwo für Weiß.} ({Besser ist} 34. Nd2 $15) 34... Kf8 35. Kd2 (35. Ra8+ $142 Kg7 36. h3) 35... Be7 36. Ra8+ Kg7 37. Ra7 Kf6 38. Ke2 Bd6 39. h3 Rc3 40. Ra6 Bb4 41. Nd2 Rc1 42. Rb6 (42. Nf1 $142) 42... Ba5 {Das Läuferpaar ist gut.} 43. Ra6 Rc5 44. Nf3 Ke7 45. g4 (45. Nd2 $142) 45... Kd6 46. g5 h5 47. h4 Bd8 48. Ra8 Bc7 49. Nd2 Rc3 50. Ra4 Bb6 {[%cal Ob6f2]} 51. Nc4+ Bxc4 52. Rxc4 $19 {[%mdl 4096] Endspiel [#] KTL-KTL. Schwarz hat einen Mehrbauern.} Ra3 {[%cal Ob6f2]} 53. f3 Ra1 54. Rc3 Bd4 55. Rc2 Rh1 56. Bc4 Rxh4 57. Ra2 Rh2+ 58. Kf1 Rxa2 59. Bxa2 {KL-KL. Schwarz hat zwei Bauern mehr.} Ke7 60. Bb3 Be3 61. Ba4 c5 62. Bb5 Bxg5 63. Kg2 Bf4 64. Be2 g5 65. Bc4 h4 66. Kh3 Kf8 67. Kg4 Ke8 68. Bf1 Ke7 69. Bc4 Bg3 70. Bb5 f6 71. Bc4 Bf4 72. Bf1 Kf7 73. Bc4+ Kf8 74. Bf1 Ke7 75. Kf5 Bd2 76. Kg4 Be3 77. Kf5 Bc1 78. Kg4 Bd2 79. Bc4 Kd6 80. Bf1 Bf4 81. Kf5 {[#]} h3 $1 82. Bxh3 (82. Kg6 h2) 82... c4 83. Bf1 Kc5 84. Be2 Kd4 (84... c3 $142 85. Bd3 Kd4) 85. Kxf6 c3 86. Bd1 Kd3 87. Kf5 c2 88. Bxc2+ Kxc2 {KL-KBB} 89. Kf6 Kd3 90. Kf5 Ke2 91. Kg4 Ke3 92. Kh3 Kf2 {[%cal Of2f1] ( -> ...Kf1!)} 93. Kg4 Kg2 {Schwarz setzt Matt.} 94. Kf5 Kxf3 {KL-KB} 95. Ke6 g4 96. Kf5 g3 97. Ke6 g2 98. Kd5 g1=Q 99. Kc6 Qc1+ 100. Kd6 Bg5 101. Kd5 Qc7 102. Ke6 Kf4 103. Kd5 Bf6 104. Ke6 Qd8 105. Kf7 Qe7+ 106. Kg6 Qg7+ 107. Kh5 Qg5# {Gewichteter Fehlerwert: Weiß=0.25 (präzise) /Schwarz=0.12 (sehr präzise)   Fehler:       	Weiß=9     	Schwarz=3     Ungenau:       	Weiß=1     	Schwarz=1     OK:         	Weiß=15    	Schwarz=19    Bester:       	Weiß=1     	Schwarz=4} 0-1

[Event "30 min / Partie"]
[Site "?"]
[Date "2025.12.24"]
[Round "17"]
[White "King Element 300 mhz, Millenium"]
[Black "Phoenix London 1400 Mhz, Mephisto"]
[Result "1-0"]
[Annotator "mpill"]
[WhiteElo "2599"]
[BlackElo "2500"]
[WhiteFideId "-1"]
[BlackFideId "-1"]
[PlyCount "149"]
[GameId "2258553234288771"]

{[%evp 12,148,50,52,105,-6,-5,-4,-2,0,0,-2,1,-21,-21,-19,0,0,14,0,270,254,245,246,243,118,113,121,312,300,297,59,73,77,118,72,50,40,41,36,27,-9,23,22,74,71,222,213,198,0,13,16,329,345,345,331,336,339,337,320,378,374,415,404,395,368,349,304,295,290,289,266,416,420,407,401,421,369,383,382,438,437,480,480,489,491,538,484,537,529,694,686,693,687,857,817,19971,19972,19967,2814,29972,29977,29981,29982,19975,29982,29979,29981,29983,19991,29989,29987,29988,29989,29990,29988,29988,29989,29989,29990,29990,29991,29991,29992,29992,29993,29993,29994,29994,29995,29995,29996,29996,29997,29997,29998,29998,29999,29999]} 1. e4 c6 2. d4 d5 3. e5 Bf5 4. Nf3 e6 5. Be2 c5 {Buchende} 6. Be3 cxd4 7. Nxd4 {Buchende} Bg6 (7... Ne7 $14) 8. Bb5+ (8. h4 $16) 8... Nd7 $11 9. Nd2 a6 {Die Stellung ist ausgeglichen.} 10. Bxd7+ Qxd7 11. O-O Ne7 12. N2f3 Nc6 13. Nxc6 Qxc6 14. Nd4 Qc7 15. c3 Qxe5 $2 {[%mdl 8192]} (15... Rc8 $11 {und Schwarz muss sich keine Sorgen machen.}) 16. Qa4+ $18 Kd8 {[#]} 17. Bf4 $1 {[%mdl 1600] Hinlenkung. Weiss hat starke Kompensation.} Qf6 {[%cal Oa8c8]} 18. Nf3 (18. Rfe1 $18 {ist viel giftiger.}) 18... Qe7 $16 19. Rfe1 $1 {Weiß hat aktiveres Spiel. Die schwarzen Türme stehen passiv.} Qc5 $2 (19... Rc8 $16 {war nötig.}) 20. Ne5 $18 Qb5 21. Qd4 (21. Qd1 $1 $18) 21... Bc5 $1 $14 {[#]} 22. Qd2 Qb6 ({Günstiger ist} 22... Ke8) 23. Qe2 (23. b4 $142 Be7 24. Nc4) 23... Ke8 $16 24. Rad1 Rd8 25. b4 Be7 26. a3 (26. a4 $142) 26... Be4 27. Qg4 Bf6 (27... g6 $1 $11) 28. Qg3 Bf5 (28... h5 $16) 29. c4 $40 {[%mdl 128] Weiss will per K.O. gewinnen.} d4 {[#]} 30. Ng4 $2 (30. Nf3 $1 $18 {und Lc7 wäre nun die Entscheidung} Rd7 31. Be5) 30... Bxg4 $11 {Ein starkes Läuferpaar.} 31. Bc7 $1 Qxc7 {[%mdl 8192] Weiß behält die Zügel nun fest in der Hand.} 32. Qxc7 $18 Bxd1 33. Rxd1 Rd7 34. Qc8+ (34. Qb8+ Bd8 35. g3 h5 $14) 34... Bd8 35. c5 Rc7 36. Qa8 e5 {[#]} 37. f4 $1 {[%mdl 512]} f6 38. Re1 Kf7 39. c6 bxc6 40. fxe5 ({Weniger gut wäre} 40. Qxa6 Re8 41. Qc4+ Kf8 $18) 40... fxe5 41. Rxe5 Re8 (41... g6 $142 42. Qxa6 Kg7) 42. Rxe8 Kxe8 43. Qxa6 {[%mdl 4096] Endspiel KD-KTL} Bg5 44. Qa8+ Bd8 45. Kf2 g6 46. Ke2 Kd7 47. Kd3 Bf6 48. Qg8 Kd6 49. Qf8+ Ke6 50. a4 Rd7 51. a5 Rd8 52. Qc5 Kd7 53. b5 cxb5 54. Qxb5+ Ke6 55. a6 (55. Qc6+ $142 Kf7 56. Qb7+ Ke6 57. a6) 55... Kd6 56. Qb6+ Ke7 {[#]} 57. Qxd8+ $3 {[%mdl 576] Umwandlung} Kxd8 {KL-K3B} 58. a7 Ke7 59. a8=Q Kf7 60. Qd5+ Kf8 61. Qd6+ {Weiß setzt Matt.} Kg7 62. Qd7+ Kg8 63. Qe8+ Kg7 64. g4 h6 65. Ke4 d3 66. Kd5 d2 67. Qd7+ Kg8 68. Ke6 {[%csl LRd2,LRf6]} d1=Q 69. Qxd1 Bg7 70. Qd8+ Bf8 71. Kf6 g5 72. Qe8 h5 73. Qf7+ Kh8 74. Qxf8+ Kh7 75. Qg7# {Gewichteter Fehlerwert: Weiß=0.43/Schwarz=0.69  Verlustzug:     	---       	Schwarz=3     Gewinn verpasst:   	Weiß=2     	---        Fehler:       	Weiß=4     	Schwarz=4     Ungenau:       	---       	Schwarz=2     OK:         	Weiß=21    	Schwarz=13    Bester:       	Weiß=2     	Schwarz=4     Stark:        	Weiß=2     	Schwarz=1     Brilliant:      	Weiß=1     	---} 1-0

[Event "30 min / Partie"]
[Site "?"]
[Date "2025.12.25"]
[Round "18"]
[White "Phoenix London 1400 Mhz, Mephisto"]
[Black "King Element 300 mhz, Millenium"]
[Result "0-1"]
[Annotator "mpill"]
[WhiteElo "2500"]
[BlackElo "2599"]
[WhiteFideId "-1"]
[BlackFideId "-1"]
[PlyCount "136"]
[GameId "2258993552650305"]

{[%evp 0,136,21,18,26,14,23,15,53,32767,32767,12,16,3,15,20,21,7,27,34,58,43,45,32,39,60,43,56,38,36,43,-29,-47,-17,45,-10,10,-18,-51,-44,-80,-138,-117,-139,-112,-105,-135,-180,-163,-194,-172,-251,-276,-262,-242,-256,-276,-250,-309,-409,-391,-389,-409,-435,-394,-329,-404,-444,-482,-465,-382,-415,-383,-371,-376,-389,-387,-403,-422,-426,-441,-555,-541,-553,-556,-586,-609,-676,-696,-703,-612,-675,-679,-690,-704,-708,-697,-723,-759,-830,-830,-877,-859,-852,-809,-842,-791,-947,-1011,-1063,-1269,-1336,-1434,-1509,-1669,-1516,-2229,-1377,-2108,-1774,-29980,-1619,-29984,-29987,-29988,-29989,-29990,-29991,-29992,-29993,-29992,-29993,-29994,-29995,-29996,-29997,-29998,-29999,-29999]} 1. d4 e6 2. c4 Nf6 3. Nf3 c5 4. Nc3 cxd4 5. Nxd4 a6 6. a3 {[%emt 0:00:01] Buchende} Qc7 7. e4 b6 8. Bd3 {wieder im Buch} Bb7 {Buchende} 9. O-O {[%emt 0:00:02] Buchende} Bd6 10. f4 Bc5 $1 {Weiß steht etwas besser.} 11. Be3 Nc6 12. Nc2 d6 13. b4 Bxe3+ 14. Nxe3 O-O 15. Bc2 {[#]} (15. Rc1 $14) 15... b5 $1 16. Qd3 (16. cxb5 Nxb4 17. axb4 Qxc3 $19) 16... Qb6 17. Rf2 {Und jetzt e5 wäre schön.} Nd4 18. Bd1 (18. Rd1 $1 $11 {bleibt in der Remisbreite.} Nxc2 19. Rxc2) 18... Rac8 19. Rc1 Rfd8 {Schwarz steht aktiver.} 20. h3 $2 {Der Zug kostet die Partie für Weiß.} (20. Rd2 $15 e5 21. fxe5 dxe5 22. c5) 20... bxc4 $19 21. Nxc4 Qa7 22. Nd2 Rd7 23. Na2 Rxc1 24. Nxc1 d5 25. e5 (25. Qe3 dxe4 (25... Nxe4 $2 26. Nxe4 dxe4 27. Ba4 $17) 26. Ncb3) 25... Ne4 26. Qe3 Nxf2 27. Qxf2 Nb5 28. Qxa7 Nxa7 29. Ba4 Rc7 30. Ne2 Bc6 31. Bd1 Nb5 32. a4 Na3 33. Nd4 Bd7 {Und jetzt ...Tc1 wäre schön.} 34. Kf2 Nc4 35. N2f3 Rb7 36. b5 axb5 37. axb5 Bxb5 38. Bb3 Ba6 39. g4 Rb4 40. Ke1 h6 41. Bxc4 dxc4 {Endspiel KTL-KSS} 42. Kd2 Rb2+ 43. Nc2 Rb3 44. Nce1 Ra3 45. Kd1 Ra2 46. Nc2 c3 47. Nfd4 Bd3 48. h4 Ra4 49. g5 h5 50. g6 Bxc2+ 51. Nxc2 Rxf4 52. gxf7+ Kxf7 {KT-KS} 53. Ke2 Rxh4 {Schwarz setzt Matt.} 54. Ke3 Rh2 55. Kd3 {[#]} Rxc2 $1 56. Kxc2 {KB-KB. Schwarz hat 3 Bauern mehr.} h4 57. Kxc3 h3 58. Kd3 g5 59. Ke3 h2 60. Kd3 h1=Q 61. Kc3 g4 62. Kd3 g3 63. Kc4 Qd5+ 64. Kc3 Qc5+ 65. Kb3 g2 66. Kb2 g1=Q 67. Kb3 Qb1+ 68. Ka4 Qcb4# {Gewichteter Fehlerwert: Weiß=0.31/Schwarz=0.06 (makellos)  Fehler:    	Weiß=4   	---    Ungenau:    	---    	Schwarz=1   OK:     	Weiß=11  	Schwarz=22  Bester:    	---    	Schwarz=1   Stark:    	---    	Schwarz=1} 0-1